|
|
|
|
| LEADER |
00000nam0a2200000 4500 |
| 001 |
86589 |
| 005 |
20231031101631.0 |
| 010 |
|
|
|a 5160024433
|
| 035 |
|
|
|a (RuTPU)RU\TPU\book\92987
|
| 090 |
|
|
|a 86589
|
| 100 |
|
|
|a 20051128d2005 m y0rusy50 ca
|
| 101 |
0 |
|
|a rus
|
| 102 |
|
|
|a RU
|
| 105 |
|
|
|a y j 000zy
|
| 200 |
1 |
|
|a Региональная экономика. Основной курс
|e учебник
|f Российская экономическая академия им. Г. В. Плеханова; под ред. В. Н. Видяпина, М. В. Степанова
|
| 210 |
|
|
|a Москва
|c Инфра-М
|d 2005
|
| 215 |
|
|
|a 685 с.
|
| 225 |
1 |
|
|a Высшее образование
|
| 451 |
|
1 |
|0 (RuTPU)RU\TPU\book\52532
|y 5-16-001225-7
|t Региональная экономика
|o учебник
|f Министерство образования Российской Федерации; Российская экономическая академия им. Г. В. Плеханова; Под ред. В. Н. Видяпина, М. В. Степанова
|c М.
|n Инфра-М
|d 2002
|p 686 с.
|
| 451 |
|
1 |
|0 (RuTPU)RU\TPU\book\117224
|y 978-5-16-002973-3
|t Региональная экономика
|o учебник для вузов
|f Российская экономическая академия им. Г. В. Плеханова; под ред. В. И. Видяпина, М. В. Степанова
|c М.
|n Инфра-М
|d 2007
|p 666 с.
|s Высшее образование
|
| 610 |
1 |
|
|a экономика
|
| 610 |
1 |
|
|a региональная экономика
|
| 610 |
1 |
|
|a теория
|
| 610 |
1 |
|
|a экономическая география
|
| 610 |
1 |
|
|a экономическое районирование
|
| 610 |
1 |
|
|a территориальная организация
|
| 610 |
1 |
|
|a регионы
|
| 610 |
1 |
|
|a экономическое развитие
|
| 610 |
1 |
|
|a экономический потенциал
|
| 610 |
1 |
|
|a рынок труда
|
| 610 |
1 |
|
|a социальная политика
|
| 610 |
1 |
|
|a финансовая политика
|
| 610 |
1 |
|
|a региональные бюджеты
|
| 610 |
1 |
|
|a инвестиции
|
| 610 |
1 |
|
|a инновации
|
| 610 |
1 |
|
|a материальные балансы
|
| 610 |
1 |
|
|a топливно-энергетический баланс
|
| 610 |
1 |
|
|a продовольственные проблемы
|
| 610 |
1 |
|
|a товарные рынки
|
| 610 |
1 |
|
|a природопользование
|
| 610 |
1 |
|
|a охрана
|
| 610 |
1 |
|
|a учебники
|
| 610 |
1 |
|
|a окружающая среда
|
| 686 |
|
|
|a У04(2)я73
|v LBC/SL-A
|2 rubbk
|
| 686 |
|
|
|a У9(2...)я73
|v LBC/SL-A
|2 rubbk
|
| 702 |
|
1 |
|a Видяпин
|b В. Н.
|4 340
|
| 702 |
|
1 |
|a Степанов
|b М. В.
|4 340
|
| 712 |
0 |
2 |
|a Российская экономическая академия им. Г. В. Плеханова
|2 stltpush
|3 (RuTPU)RU\TPU\col\18
|
| 801 |
|
1 |
|a RU
|b 63413507
|c 20051128
|g PSBO
|
| 801 |
|
2 |
|a RU
|b 63413507
|c 20210422
|g PSBO
|
| 900 |
|
|
|a Национальная экономика
|
| 900 |
|
|
|a Региональная экономика
|
| 942 |
|
|
|c BK
|
| 952 |
|
|
|b 080103
|
| 959 |
|
|
|a 97/20051124
|d 2
|e 230
|f НФ:1
|f АНЛ:1
|
| 959 |
|
|
|a 55/20060614
|d 1
|e 0
|f АНЛ:1
|
| 959 |
|
|
|a 73/20060825
|d 1
|e 127,90
|f АНЛ:1
|